Champions d'Afrique 2025 - Mort subite - Statistiques

Statistiques générales
  • Ce quiz a été pris 22 fois
  • Le résultat moyen est 5 sur 6
Answers on the Grid
Answers color-coded by a green-red scale on the quiz's grid according to % correct below.
L'équipe d'Hakimi
Le pays organisateur
Le seul pays africain a avoir fait demie de CDM
Équipe qui a abandonné le terrain
Équipe qui est resté sur le terrain
Lions de l'Atlas
Lions de la teranga
Maroc
Sénégal
 
Statistiques - réponses
Réponse % Correct
L'équipe d'Hakimi
95%
Lions de l'Atlas
90%
Le pays organisateur
85%
Le seul pays africain a avoir fait demie de CDM
85%
Équipe qui est resté sur le terrain
80%
Maroc
80%
Aucun quiz correspondant
Distribution des résultats
% des personnes avec chaque résultat
Percentile par nombre de réponses
Votre historique - résultats
Vous n’avez pas pris ce quiz